000 00649nam a22002177a 4500
003 OSt
005 20260303184956.0
008 260203b |||||||| |||| 00| 0 eng d
020 _a978111920802
020 _a9781119820819
020 _a9781119820826
040 _cKABLIB
_aKABLIB
_beng
_erda
082 _223
_a572
_bTAN
100 _aTansey John T.
_915046
245 _aBiochemistry :
_bAn intergrative Approach with Expanded topics /
_c John T. Tansey
260 _aSingapore :
_bJohn Wiley & Sons,
_cc2022
300 _axxx, 879 P. :
_bill. (col.) ;
_c28 cm
500 _a Include glossary, index.
650 _aBiochemistry
942 _2ddc
_cBOOK
999 _c5966
_d5966